The colloquies and selected letters /

Bibliographic Details
Main Author: Gozzano, Guido, 1883-1916
Other Authors: Nichols, J. G. (John Gordon), 1930-
Format: Book
Language:English
Published: Manchester, UK ; New York, NY, USA : Carcanet, 1987.
Subjects:

MARC

Tag First Indicator Second Indicator Subfields
LEADER 00000cam a2200000 a 4500
001 in00000033329
005 20151007060558.0
008 880108s1987 enk 00010beng
010 |a  86181777  
020 |a 085635628X (pbk.) :  |c £6.95 ($12.50 U.S.) 
035 |a (OCoLC)17443385 
035 |9 AAC1193AM 
040 |a DLC  |c DLC  |d TXA  |d UtOrBLW 
041 1 |a eng  |h ita 
049 |a TXAM  |c [A11527101] 
050 0 0 |a PQ4817.O9  |b C6213 1987 
082 0 |a 851/.912  |a B  |2 19 
100 1 |a Gozzano, Guido,  |d 1883-1916. 
240 1 0 |a Colloqui.  |l English 
245 1 4 |a The colloquies and selected letters /  |c Guido Gozzano ; translated by J.G. Nichols. 
264 1 |a Manchester, UK ;  |a New York, NY, USA :  |b Carcanet,  |c 1987. 
300 |a 141 pages ;  |c 22 cm. 
336 |a text  |b txt  |2 rdacontent 
337 |a unmediated  |b n  |2 rdamedia 
338 |a volume  |b nc  |2 rdacarrier 
500 |a Translation of: I colloqui. 
500 |a Spine title: The colloquies. 
600 1 0 |a Gozzano, Guido,  |d 1883-1916  |x Correspondence. 
650 0 |a Authors, Italian  |y 20th century  |v Biography. 
700 1 |a Nichols, J. G.  |q (John Gordon),  |d 1930- 
740 0 |a Colloquies. 
999 |a MARS 
999 f f |s 36eee1f4-80d4-3652-998a-efc949d34b6d  |i 674b4c1e-8234-3331-8862-1c6ec34a8ffb  |t 0 
952 f f |p ric  |a Texas A&M University  |b Rellis Campus  |c Joint Library Facility  |d Remote Storage  |t 0  |e PQ4817.O9 C6213 1987  |h Library of Congress classification  |i unmediated -- volume  |m A14811527101 
998 f f |a PQ4817.O9 C6213 1987  |t 0  |l Remote Storage